[Event "II Festival Costa Viola B"]
[Site "Bagnara Calabra ITA"]
[Date "2009.01.05"]
[Round "5"]
[White "Rizzuti, Pasquale"]
[Black "Altomonte, Giuseppe"]
[Result "1-0"]
[WhiteElo "1824"]
[BlackElo "1743"]
[PlyCount "113"]
[EventDate "2009.01.02"]

1. b3 d5 2. Bb2 Nf6 3. e3 Bg4 4. Nf3 Nbd7 5. Be2 c6 6. d3 Qc7 7. Nbd2 e5 8. h3
Be6 9. Ng5 O-O-O 10. Nxe6 fxe6 11. O-O h5 12. c4 e4 13. dxe4 dxe4 14. Qc2 Ne5
15. Nxe4 Neg4 16. hxg4 hxg4 17. g3 Qf7 18. Nxf6 gxf6 19. Bxg4 Bc5 20. Kg2 Rhg8
21. Bh3 f5 22. Qc3 Rg6 23. Rad1 Rdg8 24. Qe5 Bb6 25. Qf4 Bc7 26. Be5 Rg4 27.
Bxg4 Rxg4 28. Bxc7 Rxf4 29. Bxf4 b6 30. Rd6 Kb7 31. Rfd1 Ka6 32. Rxc6 e5 33.
Rcd6 exf4 34. exf4 Qe7 35. R6d4 Qb7+ 36. f3 Qe7 37. R1d2 Qg7 38. Rd5 Qc3 39.
Rf2 Qf6 40. g4 fxg4 41. fxg4 Qe6 42. Kf3 Qh6 43. Rh5 Qc6+ 44. Kg3 Qe6 45. Re5
Qd6 46. Rfe2 Qd3+ 47. R5e3 Qd6 48. g5 Qd1 49. Kg4 Qg1+ 50. Kf5 Qd1 51. g6 Qd6
52. Re6 Qd3+ 53. Kg4 Qd4 54. Re8 Ka5 55. Kg5 Qg1+ 56. Kf5 Qd4 57. R8e7 1-0

[Event "II Festival Costa Viola B"]
[Site "Bagnara Calabra ITA"]
[Date "2009.01.05"]
[Round "5"]
[White "Russo, Arianna"]
[Black "Della Rocca, Giorgio"]
[Result "1/2-1/2"]
[WhiteElo "1647"]
[BlackElo "1893"]
[PlyCount "86"]
[EventDate "2009.01.02"]

1. d4 Nf6 2. c4 g6 3. Nc3 Bg7 4. e4 d6 5. f3 O-O 6. Bd3 e5 7. d5 Nbd7 8. b4 Nh5
9. Nge2 f5 10. exf5 gxf5 11. O-O Ndf6 12. Rb1 Qe8 13. Qc2 Qg6 14. Be3 Re8 15.
Qd2 e4 16. Bc2 exf3 17. Rxf3 Ne4 18. Nxe4 fxe4 19. Rf2 Bg4 20. Nf4 Nxf4 21.
Bxf4 Rf8 22. Re1 Rae8 23. Bd1 Bxd1 24. Rxd1 Be5 25. Re1 Bxf4 26. Rxf4 Rxf4 27.
Qxf4 Qg7 28. h3 Qd4+ 29. Kh2 Qe5 30. Qxe5 Rxe5 31. Re2 e3 32. a3 Kf7 33. Kg3
Re4 34. Kf3 Rxc4 35. Rxe3 Rd4 36. Rc3 Rxd5 37. Rxc7+ Kg6 38. Rxb7 Rd3+ 39. Kf2
Rxa3 40. Rd7 Ra6 41. b5 Rb6 42. Ke2 h6 43. Kf2 Kf5 1/2-1/2

[Event "II Festival Costa Viola B"]
[Site "Bagnara Calabra ITA"]
[Date "2009.01.05"]
[Round "5"]
[White "Scerra, Ezio"]
[Black "Soluri, Francesco"]
[Result "0-1"]
[WhiteElo "1350"]
[BlackElo "1485"]
[PlyCount "117"]
[EventDate "2009.01.02"]

1. c4 e5 2. g3 d6 3. Nc3 Nf6 4. Bg2 c6 5. d3 Be6 6. Qc2 Be7 7. Nf3 O-O 8. O-O
Nbd7 9. Ng5 Bf5 10. e4 Bg6 11. Re1 h6 12. Nf3 Qc7 13. b4 b6 14. Qa4 c5 15. Nh4
Bh7 16. Bh3 cxb4 17. Nb5 Qc6 18. Qxb4 Nc5 19. Bf5 Nxd3 20. Bxh7+ Kxh7 21. Qd2
Nxe1 22. Qxe1 Qxc4 23. Nc3 Nd7 24. Nf5 Rfe8 25. Ne3 Qe6 26. Qd2 Bg5 27. Kg2
Bxe3 28. Qxe3 Rac8 29. Nd5 Nf6 30. Qd3 Rc5 31. f3 Kg8 32. Ba3 Rc6 33. Nb4 Rc4
34. Nc2 Rec8 35. Ne3 Rd4 36. Qe2 Ra4 37. Qd3 Rd4 38. Qe2 Rc6 39. Nf5 Rdc4 40.
Rd1 Rc2 41. Rd2 Rxd2 42. Qxd2 Ne8 43. Bb4 a6 44. Qd5 Qxd5 45. Ne7+ Kf8 46. Nxd5
Rc2+ 47. Kh3 Rxa2 48. Nxb6 a5 49. Be1 a4 50. Bb4 Rb2 51. Nd5 Rb3 52. f4 exf4
53. Kg4 fxg3 54. hxg3 a3 55. e5 Rxb4+ 56. Nxb4 dxe5 57. Kf5 f6 58. g4 Kf7 59.
Na2 0-1

[Event "II Festival Costa Viola B"]
[Site "Bagnara Calabra ITA"]
[Date "2009.01.05"]
[Round "6"]
[White "Carrozza, Gregorio"]
[Black "Paragliola, Gennaro"]
[Result "1-0"]
[WhiteElo "1595"]
[BlackElo "1643"]
[PlyCount "47"]
[EventDate "2009.01.02"]

1. e4 d6 2. d4 Nf6 3. Nc3 g6 4. Be3 Bg7 5. Nf3 O-O 6. h3 Nbd7 7. Bd3 e5 8. d5
a5 9. Qd2 Nc5 10. O-O b6 11. Rfd1 Nxd3 12. Qxd3 Ba6 13. Qd2 b5 14. Bg5 Qd7 15.
Bxf6 Bxf6 16. Ne2 a4 17. a3 Rfd8 18. Qh6 b4 19. Ng3 b3 20. cxb3 axb3 21. Rdc1
Rdc8 22. Rc3 Qa4 23. Rac1 Qxe4 24. Nxe4 1-0

[Event "II Festival Costa Viola B"]
[Site "Bagnara Calabra ITA"]
[Date "2009.01.05"]
[Round "6"]
[White "Ceravolo, Alberto"]
[Black "Olivo, Paolo"]
[Result "0-1"]
[WhiteElo "1652"]
[BlackElo "1607"]
[PlyCount "55"]
[EventDate "2009.01.02"]

1. c4 Nf6 2. d4 d5 3. g3 dxc4 4. Na3 Bf5 5. Bg2 Nc6 6. Bxc6+ bxc6 7. Nxc4 Qd5
8. f3 Qxc4 9. e4 Bg6 10. Ne2 Rd8 11. Be3 e5 12. O-O exd4 13. Rc1 Qxa2 14. Bf4
d3 15. Nc3 Qxb2 16. Bxc7 Bc5+ 17. Kh1 O-O 18. Na4 Qe2 19. Nxc5 Rc8 20. Be5 Nd5
21. Qxd3 Qxd3 22. Nxd3 Rfe8 23. Rfe1 Nb6 24. Bf4 f6 25. Be3 Re7 26. Nb4 Be8 27.
Rc2 Rec7 28. Rec1 0-1

[Event "II Festival Costa Viola B"]
[Site "Bagnara Calabra ITA"]
[Date "2009.01.05"]
[Round "6"]
[White "Familari, Giuseppe"]
[Black "Russo, Arianna"]
[Result "1-0"]
[WhiteElo "1822"]
[BlackElo "1647"]
[PlyCount "75"]
[EventDate "2009.01.02"]

1. d4 Nf6 2. Bg5 g6 3. Bxf6 exf6 4. e4 Bg7 5. f4 d6 6. Nf3 O-O 7. Bd3 Nc6 8. c3
Re8 9. O-O Ne7 10. Nbd2 f5 11. Qb3 fxe4 12. Nxe4 d5 13. Ng3 b6 14. Rae1 Bb7 15.
Ne5 a6 16. Qd1 Nc6 17. Nxc6 Bxc6 18. f5 Rxe1 19. Qxe1 Qe8 20. Qf2 Bb5 21. Bxb5
Qxb5 22. h4 Qc6 23. h5 Qf6 24. Qf4 c6 25. Qg4 Qd6 26. Re1 Rd8 27. hxg6 fxg6 28.
Re6 Qd7 29. fxg6 hxg6 30. Qxg6 Qf7 31. Qxf7+ Kxf7 32. Rxc6 Rb8 33. Nf5 Bf6 34.
Ne3 Bg5 35. Nxd5 Bc1 36. Rxb6 Rxb6 37. Nxb6 Bxb2 38. Na4 1-0

[Event "II Festival Costa Viola B"]
[Site "Bagnara Calabra ITA"]
[Date "2009.01.05"]
[Round "6"]
[White "Fariselli, Umberto"]
[Black "Pratico', Paolo"]
[Result "1-0"]
[WhiteElo "1518"]
[BlackElo "1317"]
[PlyCount "54"]
[EventDate "2009.01.02"]

1. e4 c5 2. Nf3 d6 3. a4 Nf6 4. Nc3 Nc6 5. b3 g6 6. Bb2 Bg7 7. Rb1 O-O 8. Bd3
Nb4 9. Be2 Qb6 10. O-O Ng4 11. Nd5 Nxd5 12. Bxg7 Kxg7 13. exd5 Bf5 14. h3 Nf6
15. d3 Nxd5 16. Qd2 h6 17. Rfe1 e5 18. g4 Bd7 19. Bf1 Rh8 20. Kh2 Rh7 21. c4
Nf4 22. Qe3 f6 23. Nh4 g5 24. Ng2 Nxg2 25. Bxg2 h5 26. f3 hxg4 27. fxg4 27...
Rah8 {...} 1-0

[Event "II Festival Costa Viola B"]
[Site "Bagnara Calabra ITA"]
[Date "2009.01.05"]
[Round "6"]
[White "Fico, Tommaso"]
[Black "Mercuri, Delia"]
[Result "1-0"]
[WhiteElo "1583"]
[BlackElo "1442"]
[PlyCount "120"]
[EventDate "2009.01.02"]

1. e4 e5 2. Nf3 Nf6 3. d3 Nc6 4. Be2 Be7 5. c3 O-O 6. b4 d5 7. Nbd2 dxe4 8.
dxe4 Bg4 9. b5 Bxf3 10. gxf3 Na5 11. Rg1 Kh8 12. Qc2 Qd7 13. Nf1 Rad8 14. Ne3
Nh5 15. Nf5 Bf6 16. Rg4 b6 17. Be3 Qe6 18. a4 Nc4 19. Qa2 Nxe3 20. fxe3 Qxa2
21. Rxa2 g6 22. Ng3 Nxg3 23. Rxg3 Bh4 24. Bc4 Bxg3+ 25. hxg3 f5 26. Bd5 fxe4
27. Bxe4 Rd6 28. c4 Rfd8 29. Bd5 Kg7 30. e4 Rf8 31. Ke2 Rdf6 32. Ra3 g5 33. g4
Rh8 34. Rd3 h5 35. Bc6 h4 36. Kf2 Rd6 37. Rxd6 cxd6 38. Bd7 h3 39. Kg1 h2+ 40.
Kh1 Rh3 41. f4 exf4 42. e5 dxe5 43. c5 bxc5 44. a5 f3 45. b6 axb6 46. a6 f2 47.
Bb5 Ra3 48. Kxh2 Ra2 49. Kg2 Kf6 50. Bc4 e4 51. Bxa2 e3 52. Bc4 Ke5 53. a7 Kd4
54. Bf1 c4 55. a8=Q b5 56. Qa6 e2 57. Bxe2 Ke3 58. Kf1 Kd2 59. Qxb5 c3 60. Qd3+
Kc1 1-0

[Event "II Festival Costa Viola B"]
[Site "Bagnara Calabra ITA"]
[Date "2009.01.05"]
[Round "6"]
[White "Ielapi, Gianbattista"]
[Black "Caporale, Giuseppe Guido"]
[Result "0-1"]
[WhiteElo "1752"]
[BlackElo "1815"]
[PlyCount "106"]
[EventDate "2009.01.02"]

1. d4 c5 2. c3 e6 3. Nf3 Nf6 4. e3 b6 5. Bd3 Bb7 6. Nbd2 d5 7. O-O Nbd7 8. Qe2
Be7 9. e4 dxe4 10. Nxe4 cxd4 11. cxd4 O-O 12. Rd1 Nd5 13. a3 Rc8 14. Bd2 N7f6
15. Neg5 h6 16. Nxe6 fxe6 17. Qxe6+ Kh8 18. Ne5 g5 19. Ng6+ Kg7 20. Nxf8 Bxf8
21. Re1 Qd7 22. Qxd7+ Nxd7 23. Rac1 Rxc1 24. Rxc1 Bd6 25. Bb5 Nb8 26. Bc4 Kf6
27. Re1 Nc7 28. Be3 Bd5 29. Bd3 Nc6 30. Rd1 Ne6 31. Bc2 h5 32. g3 g4 33. Ba4
Ne7 34. b4 Ng5 35. Be8 Nf3+ 36. Kg2 h4 37. h3 Ng5+ 38. Kh2 gxh3 39. Bd7 Nf5 40.
Bxf5 Kxf5 41. Bd2 Ne4 42. Be3 Kg4 43. Bf4 Nxf2 44. Bxd6 hxg3+ 45. Bxg3 Nxd1 46.
a4 a6 47. a5 b5 48. Be5 Ne3 49. Bc7 Nc2 50. Bd6 Nxd4 51. Kg1 Nf5 52. Bc7 Ng3
53. Kh2 Nh5 0-1

[Event "II Festival Costa Viola B"]
[Site "Bagnara Calabra ITA"]
[Date "2009.01.05"]
[Round "6"]
[White "Lanza, Giuseppe"]
[Black "Scerra, Ezio"]
[Result "1-0"]
[WhiteElo "1521"]
[BlackElo "1350"]
[PlyCount "91"]
[EventDate "2009.01.02"]

1. e4 Nc6 2. Nc3 g6 3. d4 e6 4. Nf3 Bg7 5. Bg5 f6 6. Be3 Nge7 7. Bc4 Na5 8. Bb3
O-O 9. Qd2 c6 10. O-O-O d5 11. Bh6 Nxb3+ 12. cxb3 b5 13. h4 b4 14. Na4 dxe4 15.
Nh2 Nf5 16. Bxg7 Kxg7 17. g4 e3 18. fxe3 Ng3 19. Rhg1 Qd6 20. Qg2 Ne4 21. Qxe4
Qxh2 22. Qxc6 Rb8 23. Nc5 Qxh4 24. Qc7+ Kg8 25. Qxb8 e5 26. Qxa7 Bxg4 27. Rh1
Rf7 28. Qb8+ Rf8 29. Qxb4 Qf2 30. Qd2 Qf3 31. d5 Qf5 32. Rdf1 Qc8 33. b4 Bd7
34. e4 Bb5 35. Rf2 f5 36. Qh6 Qc7 37. Rfh2 f4 38. Qxh7+ Qxh7 39. Rxh7 Rf7 40.
Rxf7 Kxf7 41. Kd2 Ke7 42. a4 Be8 43. a5 Kd8 44. Rh7 g5 45. a6 g4 46. a7 1-0

[Event "II Festival Costa Viola B"]
[Site "Bagnara Calabra ITA"]
[Date "2009.01.05"]
[Round "6"]
[White "Mileo, Miguelito"]
[Black "Arcidiaco, Francesco"]
[Result "1/2-1/2"]
[WhiteElo "1638"]
[BlackElo "1593"]
[PlyCount "38"]
[EventDate "2009.01.02"]

1. d4 d5 2. Bf4 Nf6 3. e3 Bf5 4. Nf3 c6 5. c4 Qb6 6. Qb3 Qxb3 7. axb3 a6 8. h3
e6 9. c5 Nbd7 10. Nbd2 Be7 11. b4 O-O 12. Be2 Be4 13. Nb3 Bd8 14. Na5 Bxa5 15.
bxa5 Rac8 16. b4 Ne8 17. O-O Nc7 18. Nh2 Nb5 19. Bxb5 axb5 1/2-1/2

[Event "II Festival Costa Viola B"]
[Site "Bagnara Calabra ITA"]
[Date "2009.01.05"]
[Round "6"]
[White "Pallonetto, Cristofaro"]
[Black "Scalise, Sandro"]
[Result "1/2-1/2"]
[WhiteElo "1473"]
[BlackElo "1595"]
[PlyCount "43"]
[EventDate "2009.01.02"]

1. e4 Nf6 2. Nc3 d5 3. d3 dxe4 4. Bg5 exd3 5. Bxd3 g6 6. Nf3 Bg7 7. O-O O-O 8.
Qd2 Nc6 9. h3 Nb4 10. Rfd1 Nxd3 11. Qxd3 Qxd3 12. Rxd3 Bf5 13. Rd2 Ne4 14. Nxe4
Bxe4 15. c3 f6 16. Be3 Rad8 17. Rad1 Rxd2 18. Rxd2 Bc6 19. Nd4 Bd5 20. b3 e6
21. c4 Bc6 22. Nxc6 1/2-1/2

[Event "II Festival Costa Viola B"]
[Site "Bagnara Calabra ITA"]
[Date "2009.01.05"]
[Round "6"]
[White "Rizzuti, Pasquale"]
[Black "Ielapi, Vito"]
[Result "0-1"]
[WhiteElo "1824"]
[BlackElo "1884"]
[PlyCount "127"]
[EventDate "2009.01.02"]

1. b3 d5 2. Bb2 Nf6 3. e3 e6 4. Nf3 Bd6 5. Be2 Nbd7 6. d3 O-O 7. O-O e5 8. Nbd2
e4 9. dxe4 dxe4 10. Nd4 c6 11. f4 exf3 12. N2xf3 Ne5 13. h3 Qe7 14. Bd3 Rd8 15.
Qe2 Nxd3 16. cxd3 Nd5 17. e4 Nf4 18. Qc2 c5 19. Nb5 Nxd3 20. Nxd6 Rxd6 21. e5
Rd8 22. Bc3 b6 23. Kh2 Bb7 24. Qe2 Rd7 25. Ne1 Nxe5 26. Qxe5 Qf8 27. Qg3 Rad8
28. Rf4 Rd6 29. Rg4 g6 30. h4 Re6 31. h5 Rd5 32. Rg5 Rxg5 33. Qxg5 f6 34. Qg4
Kf7 35. Nf3 Qd6+ 36. Kh1 Qd3 37. hxg6+ hxg6 38. Qg3 Bxf3 39. Qxf3 Qxf3 40. gxf3
Re3 41. Rc1 Rxf3 42. Kg2 Rd3 43. Rc2 g5 44. Bb2 Kg6 45. Re2 b5 46. Rf2 f5 47.
Rc2 a5 48. Bh8 c4 49. bxc4 bxc4 50. a4 f4 51. Rxc4 Kh5 52. Rc5 Kg4 53. Rc3 Rd2+
54. Kf1 Ra2 55. Rc4 Kf3 56. Rc3+ Kg4 57. Rc4 Kg3 58. Be5 Kf3 59. Ke1 Re2+ 60.
Kd1 Rxe5 61. Rc3+ Kg4 62. Rc4 Kg3 63. Rc3+ f3 64. Rb3 0-1

[Event "II Festival Costa Viola B"]
[Site "Bagnara Calabra ITA"]
[Date "2009.01.05"]
[Round "6"]
[White "Russo, Biagio"]
[Black "Carbone, Stefano"]
[Result "1/2-1/2"]
[WhiteElo "1455"]
[BlackElo "1665"]
[PlyCount "24"]
[EventDate "2009.01.02"]

1. d4 g6 2. c4 Bg7 3. e4 d6 4. Nc3 Nc6 5. Be3 e5 6. d5 Nce7 7. Qd2 Nf6 8. f4
Ng4 9. fxe5 Nxe5 10. Be2 O-O 11. Nf3 Nxf3+ 12. Bxf3 f5 1/2-1/2

[Event "II Festival Costa Viola B"]
[Site "Bagnara Calabra ITA"]
[Date "2009.01.05"]
[Round "6"]
[White "Soluri, Francesco"]
[Black "Musico', Guglielmo"]
[Result "0-1"]
[WhiteElo "1485"]
[BlackElo "1578"]
[PlyCount "93"]
[EventDate "2009.01.02"]

1. d4 g6 2. Nf3 Bg7 3. e4 d6 4. c3 Nf6 5. Bd3 O-O 6. O-O Nbd7 7. Re1 e5 8. Bg5
c6 9. Qc2 Qc7 10. Nbd2 h6 11. Bh4 Nh5 12. Nb3 Ndf6 13. dxe5 dxe5 14. Rad1 Bg4
15. Nbd2 g5 16. Bg3 Nxg3 17. hxg3 Rad8 18. Nc4 Nh5 19. Ne3 Be6 20. b3 Rd7 21.
Rd2 Rfd8 22. Red1 Qb6 23. Kh1 Qc7 24. Bc4 Bxc4 25. Nxc4 Rxd2 26. Rxd2 Rxd2 27.
Qxd2 Bf8 28. Ne3 Nf6 29. Qd3 a5 30. Nf5 Qb6 31. Kg1 Ng4 32. Qe2 Bc5 33. N3d4
exd4 34. Nxd4 h5 35. f3 Bxd4+ 36. cxd4 Qxd4+ 37. Kf1 Qa1+ 38. Qe1 Qxe1+ 39.
Kxe1 Ne5 40. Ke2 f6 41. Ke3 Kf7 42. f4 gxf4+ 43. gxf4 Nd7 44. g3 Ke6 45. Kd4 b5
46. a4 bxa4 47. bxa4 0-1

[Event "II Festival Costa Viola B"]
[Site "Bagnara Calabra ITA"]
[Date "2009.01.05"]
[Round "6"]
[White "Tricomi, Massimo"]
[Black "Russo, Carmelo"]
[Result "1-0"]
[WhiteElo "1874"]
[BlackElo "1724"]
[PlyCount "89"]
[EventDate "2009.01.02"]

1. e4 c6 2. d4 d5 3. Nd2 dxe4 4. Nxe4 Nd7 5. Ng5 Ngf6 6. Bd3 h6 7. Ne6 Nb6 8.
Nxd8 Kxd8 9. d5 Nbxd5 10. c4 Ng4 11. cxd5 Nxf2 12. Kxf2 cxd5 13. Be4 e6 14.
Bxd5 Bc5+ 15. Be3 Bxe3+ 16. Kxe3 Ke7 17. Bf3 Rb8 18. Rc1 Rd8 19. Rc7+ Ke8 20.
Qa4+ Bd7 21. Rxd7 Rxd7 22. Ne2 a6 23. Rd1 b5 24. Qc2 Re7 25. Qc6+ Kf8 26. Qd6
Rc8 27. Qxa6 Ree8 28. Bc6 Red8 29. Rxd8+ Rxd8 30. Qa8 Rxa8 31. Bxa8 Ke7 32. Bc6
b4 33. Kd4 Kd6 34. Ba4 e5+ 35. Kc4 f5 36. Bc2 f4 37. Be4 g5 38. Kxb4 h5 39. a4
g4 40. a5 Kc7 41. Kc5 h4 42. Kd5 h3 43. gxh3 f3 44. Bxf3 gxf3 45. Ng3 1-0

[Event "II Festival Costa Viola B"]
[Site "Bagnara Calabra ITA"]
[Date "2009.01.05"]
[Round "6"]
[White "Vallone, Rosario"]
[Black "Zampaglione, Francesco"]
[Result "1-0"]
[WhiteElo "1524"]
[BlackElo "1368"]
[PlyCount "56"]
[EventDate "2009.01.02"]

1. e4 e5 2. Nf3 Nf6 3. Nxe5 d6 4. Nf3 Nxe4 5. d4 d5 6. Bd3 Bf5 7. O-O Bd6 8.
Re1 O-O 9. c4 Bb4 10. Re2 Re8 11. a3 Ba5 12. b4 dxc4 13. Bxe4 Bxe4 14. Qe1 Bxb4
15. axb4 Bc6 16. Nc3 Rxe2 17. Qxe2 Bxf3 18. Qxf3 Qxd4 19. Bb2 Qb6 20. Nd5 Qd6
21. Qe4 Nc6 22. b5 Nb4 23. Qd4 f6 24. Nxb4 Qxb4 25. Qd5+ Kh8 26. Bd4 Re8 27.
Be3 b6 28. h4 Re5 1-0

[Event "II Festival Costa Viola B"]
[Site "Bagnara Calabra ITA"]
[Date "2009.01.06"]
[Round "7"]
[White "Carbone, Stefano"]
[Black "Ielapi, Gianbattista"]
[Result "1-0"]
[WhiteElo "1665"]
[BlackElo "1752"]
[PlyCount "104"]
[EventDate "2009.01.02"]

1. e4 e5 2. Nf3 Nc6 3. Bb5 a6 4. Ba4 Nf6 5. O-O b5 6. Bb3 Be7 7. Re1 d6 8. h3
O-O 9. c3 Na5 10. Bc2 Bb7 11. d4 Nc6 12. Nbd2 Nd7 13. Nf1 g6 14. Ng3 Bf6 15.
Bd3 Na5 16. d5 Nc4 17. Bf1 Bg7 18. b3 Ncb6 19. Be3 h6 20. Qd2 Kh7 21. Bd3 Nc5
22. Bxc5 dxc5 23. c4 b4 24. a4 Qd6 25. Red1 Bc8 26. Qc2 Bd7 27. Nh2 Nc8 28.
Nhf1 Ne7 29. Ne3 f6 30. f3 Rf7 31. Rf1 Raf8 32. Qe2 f5 33. Nc2 f4 34. Nh1 Ng8
35. Ra2 Nf6 36. Ne1 g5 37. Bc2 Rg8 38. Nd3 Bf8 39. Kf2 Be7 40. Ke1 Kg7 41. Kd1
Kf8 42. Kc1 Rfg7 43. Nhf2 h5 44. Nd1 g4 45. Nxf4 gxh3 46. gxh3 Nxe4 47. Ne6+
Bxe6 48. fxe4+ Ke8 49. dxe6 Bg5+ 50. Ne3 Qxe6 51. Qxh5+ Qg6 52. Qxg6+ Rxg6 1-0

[Event "II Festival Costa Viola B"]
[Site "Bagnara Calabra ITA"]
[Date "2009.01.06"]
[Round "7"]
[White "Della Rocca, Giorgio"]
[Black "Rizzuti, Pasquale"]
[Result "1-0"]
[WhiteElo "1893"]
[BlackElo "1824"]
[PlyCount "97"]
[EventDate "2009.01.02"]

1. c4 Nf6 2. Nc3 d5 3. cxd5 Nxd5 4. e4 Nxc3 5. bxc3 g6 6. Bc4 Bg7 7. Nf3 O-O 8.
d4 c5 9. Be3 Nc6 10. Qd2 Bg4 11. e5 cxd4 12. cxd4 Bxf3 13. gxf3 Rc8 14. Be2 Qd5
15. O-O Rfd8 16. Rfd1 Qe6 17. f4 Qh3 18. Qe1 b6 19. Rac1 Na5 20. Qf1 Qxf1+ 21.
Bxf1 e6 22. Ba6 Rc6 23. Bb5 Rcc8 24. f5 gxf5 25. Bg5 Rxc1 26. Rxc1 Ra8 27. Rc7
Bf8 28. Be2 h6 29. Bh4 a6 30. Bh5 Bg7 31. Bxf7+ Kh8 32. Bxe6 b5 33. Bxf5 Nc4
34. Be4 Rg8 35. Bg6 Nd2 36. Kg2 a5 37. f3 Nc4 38. Kf2 Rf8 39. Be7 Rb8 40. Bf6
Rg8 41. Bf5 Nb6 42. Be6 Bxf6 43. exf6 Rd8 44. Bf5 Rxd4 45. Rb7 Rd8 46. Rxb6 b4
47. Rb7 a4 48. Rh7+ Kg8 49. f7+ 1-0

[Event "II Festival Costa Viola B"]
[Site "Bagnara Calabra ITA"]
[Date "2009.01.06"]
[Round "7"]
[White "Familari, Giuseppe"]
[Black "Tricomi, Massimo"]
[Result "1-0"]
[WhiteElo "1822"]
[BlackElo "1874"]
[PlyCount "83"]
[EventDate "2009.01.02"]

1. d4 Nf6 2. c4 e6 3. Nc3 Bb4 4. a3 Bxc3+ 5. bxc3 c5 6. e3 O-O 7. Bd3 Nc6 8.
Ne2 b6 9. O-O Ba6 10. e4 Ne8 11. e5 f5 12. Be3 Na5 13. Nf4 Bxc4 14. Qh5 Bxd3
15. Nxd3 Nc7 16. dxc5 Nd5 17. Bd4 Nb3 18. Rad1 Qc7 19. Nb4 Nxb4 20. cxb4 bxc5
21. bxc5 Nxd4 22. Rxd4 Rf7 23. Qf3 Rc8 24. Qe3 Qxc5 25. Rfd1 Qc2 26. h4 Rc4 27.
Qg5 Rc8 28. Rxd7 Rxd7 29. Rxd7 Qc1+ 30. Qxc1 Rxc1+ 31. Kh2 Rc5 32. Rxa7 Rxe5
33. a4 Re2 34. Kg3 f4+ 35. Kf3 Ra2 36. a5 e5 37. a6 e4+ 38. Kxe4 Rxf2 39. Rc7
Ra2 40. a7 Re2+ 41. Kf3 Re8 42. Rb7 1-0

[Event "II Festival Costa Viola B"]
[Site "Bagnara Calabra ITA"]
[Date "2009.01.06"]
[Round "7"]
[White "Fariselli, Umberto"]
[Black "Vallone, Rosario"]
[Result "0-1"]
[WhiteElo "1518"]
[BlackElo "1524"]
[PlyCount "102"]
[EventDate "2009.01.02"]

1. e4 d5 2. exd5 Nf6 3. c4 c6 4. Nc3 g6 5. Be2 cxd5 6. cxd5 Nxd5 7. Nf3 Bg7 8.
Bb5+ Bd7 9. Bc4 Bc6 10. O-O O-O 11. Qb3 Nb6 12. Be2 e5 13. d3 N8d7 14. Bg5 Qc7
15. Bh4 Nc5 16. Qc2 f6 17. Bg3 Bxf3 18. Bxf3 Ne6 19. Qb3 Rfe8 20. Rac1 Qd7 21.
Bd5 Kh8 22. Bxb7 Qxb7 23. Ne4 Rad8 24. Rfd1 Nd4 25. Qb4 Ne2+ 26. Kf1 Nxc1 27.
Rxc1 Rxd3 28. Nd6 Rxd6 29. Qxd6 Qd7 30. Qxd7 Nxd7 31. Rc7 Rd8 32. f3 Bf8 33.
Rxa7 Nb6 34. Bf2 Nc4 35. g3 Rd2 36. Rf7 Bg7 37. Rc7 Nxb2 38. Rc8+ Bf8 39. Rxf8+
Kg7 40. Ke1 Rxf2 41. Kxf2 Kxf8 42. Ke2 Ke7 43. Kd2 Kd6 44. Kc3 Na4+ 45. Kb4 Nc5
46. a4 h5 47. Kb5 Kd5 48. a5 Kd4 49. Kb6 f5 50. h3 e4 51. fxe4 fxe4 0-1

[Event "II Festival Costa Viola B"]
[Site "Bagnara Calabra ITA"]
[Date "2009.01.06"]
[Round "7"]
[White "Ielapi, Vito"]
[Black "Caporale, Giuseppe Guido"]
[Result "1-0"]
[WhiteElo "1884"]
[BlackElo "1815"]
[PlyCount "89"]
[EventDate "2009.01.02"]

1. d4 d5 2. Nf3 c5 3. e3 Nc6 4. Nbd2 Nf6 5. c3 e6 6. Bd3 Bd6 7. O-O O-O 8. Qe2
Qc7 9. dxc5 Bxc5 10. e4 Nh5 11. Nb3 dxe4 12. Qxe4 Nf6 13. Qh4 Be7 14. Re1 g6
15. Ng5 h5 16. Nf3 Ng4 17. Bg5 Rd8 18. Bc2 Rd5 19. Bxe7 Qxe7 20. Qg3 Qd6 21.
Qh3 Qe7 22. Rad1 Rxd1 23. Rxd1 b6 24. Qg3 Kg7 25. h3 Nf6 26. Nbd4 Nxd4 27. Rxd4
Bb7 28. Ne5 Rg8 29. Qg5 Nd5 30. Qxe7 Nxe7 31. Rd7 Kf6 32. Rxb7 Nd5 33. Nf3 a5
34. a3 Rd8 35. g3 Rd6 36. h4 Ne7 37. Kf1 Ng8 38. Ke2 Nh6 39. Ng5 Rd5 40. Rxb6
Ng4 41. Rb7 Nh6 42. c4 Re5+ 43. Kf1 Kg7 44. Rb5 Kf6 45. Nh7+ 1-0

[Event "II Festival Costa Viola B"]
[Site "Bagnara Calabra ITA"]
[Date "2009.01.06"]
[Round "7"]
[White "Lanza, Giuseppe"]
[Black "Fico, Tommaso"]
[Result "0-1"]
[WhiteElo "1521"]
[BlackElo "1583"]
[PlyCount "128"]
[EventDate "2009.01.02"]

1. f4 d5 2. Nf3 Bf5 3. e3 e6 4. c4 Nf6 5. Qb3 Qc8 6. Nc3 c6 7. Be2 Be7 8. O-O
O-O 9. Nh4 Bg6 10. Nxg6 hxg6 11. Bf3 Nbd7 12. d3 Qc7 13. Ne2 Rad8 14. cxd5 cxd5
15. d4 Qb6 16. Qd3 Rc8 17. b3 Rc7 18. Bd2 Ba3 19. b4 Qa6 20. b5 Qa4 21. Nc3 Qc4
22. Be2 Qxd3 23. Bxd3 Rfc8 24. Na4 Ne4 25. Rfd1 Ndf6 26. Kf1 b6 27. Ke2 Ng4 28.
Bxe4 dxe4 29. h3 Nf6 30. Rdb1 Nd5 31. Rb3 Be7 32. a3 Rc2 33. Kd1 g5 34. g3 gxf4
35. gxf4 g5 36. fxg5 Bxg5 37. Rc1 Rxc1+ 38. Bxc1 Rc4 39. Nb2 Rc3 40. Rxc3 Nxc3+
41. Kd2 Nxb5 42. Nc4 Nxd4 43. Kd1 Nb3 44. Bd2 Nxd2 45. Kxd2 Be7 46. a4 Bc5 47.
Ne5 a6 48. Nd7 Bb4+ 49. Kc2 b5 50. axb5 axb5 51. Nf6+ Kg7 52. Nxe4 Be7 53. Nd2
Kg6 54. Nf3 f6 55. Nd4 Bc5 56. Nxb5 Bxe3 57. Kd3 Bc5 58. Ke4 Bg1 59. Nc7 f5+
60. Kf3 e5 61. Nd5 Kg5 62. Ne7 e4+ 63. Kg3 f4+ 64. Kg2 Bc5 0-1

[Event "II Festival Costa Viola B"]
[Site "Bagnara Calabra ITA"]
[Date "2009.01.06"]
[Round "7"]
[White "Musico', Guglielmo"]
[Black "Russo, Carmelo"]
[Result "1-0"]
[WhiteElo "1578"]
[BlackElo "1724"]
[PlyCount "83"]
[EventDate "2009.01.02"]

1. d4 Nf6 2. c4 g6 3. Nc3 d5 4. Nf3 Bg7 5. e3 O-O 6. Be2 dxc4 7. Bxc4 c5 8. O-O
cxd4 9. Nxd4 Qc7 10. Be2 a6 11. Qc2 e5 12. Nf3 Bf5 13. Qa4 b5 14. Nxb5 Qc5 15.
Nc3 e4 16. Nd4 Bd7 17. Qb3 Qg5 18. f4 Qa5 19. Qb7 Bb5 20. Qxa8 Bxe2 21. Ncxe2
Nbd7 22. Qc6 Qh5 23. Ng3 Qh4 24. Nxe4 Ng4 25. Nf3 Qe7 26. h3 Nh6 27. Nd4 f5 28.
Ng5 Kh8 29. Nge6 Rf6 30. Qc8+ Ng8 31. Nxg7 Qxg7 32. Bd2 Rf8 33. Qxa6 Nc5 34.
Qc4 Qe7 35. Rfe1 Nf6 36. Bc3 Qa7 37. Ne6 Qf7 38. Bxf6+ Qxf6 39. Qxc5 Re8 40.
Nd4 Kg7 41. a4 Qa6 42. Qc6 1-0

[Event "II Festival Costa Viola B"]
[Site "Bagnara Calabra ITA"]
[Date "2009.01.06"]
[Round "7"]
[White "Olivo, Paolo"]
[Black "Carrozza, Gregorio"]
[Result "1/2-1/2"]
[WhiteElo "1607"]
[BlackElo "1595"]
[PlyCount "136"]
[EventDate "2009.01.02"]

1. e4 c6 2. d4 d5 3. Nc3 dxe4 4. Nxe4 Bf5 5. Ng3 Bg6 6. h4 h6 7. Nf3 e6 8. h5
Bh7 9. Bd3 Bxd3 10. Qxd3 Bd6 11. Ne4 Nf6 12. Nxd6+ Qxd6 13. Bd2 Nbd7 14. O-O-O
O-O 15. Rh4 Qd5 16. c4 Qf5 17. Qe2 b5 18. g4 Qe4 19. Re1 Qxe2 20. Rxe2 bxc4 21.
g5 hxg5 22. Bxg5 Rfb8 23. h6 Rb5 24. Ne5 Nxe5 25. dxe5 Nh7 26. Bd2 Rab8 27. Bc3
g6 28. f4 a5 29. f5 exf5 30. e6 fxe6 31. Rxe6 Kf7 32. Rxc6 R8b7 33. Rhxc4 Rd7
34. Rc7 Rbd5 35. Rc8 g5 36. Rh8 Kg6 37. Bg7 g4 38. Re8 g3 39. Re1 Kg5 40. Be5
Rd3 41. Rg1 Kxh6 42. Rxg3 Rxg3 43. Bxg3 Rd5 44. Kc2 Ng5 45. Bf4 Kh5 46. Bc7 Ne4
47. Ra4 Rc5+ 48. Kd3 Rxc7 49. Rxa5 Kg4 50. Ra6 Kf4 51. a4 Rd7+ 52. Kc4 Ke3 53.
a5 f4 54. Rh6 f3 55. Rh3 Ke2 56. b4 f2 57. Rh1 f1=Q 58. Rxf1 Kxf1 59. b5 Rc7+
60. Kb4 Ke2 61. b6 Rg7 62. Kb5 Nd6+ 63. Kc6 Kd3 64. Kxd6 Kc4 65. Kc6 Rh7 66. b7
Rh6+ 67. Kc7 Rh7+ 68. Kb8 Rh8+ 1/2-1/2